00338nam a2200121 a 450000100100000000500170001000800410002704000250006808200140009324500480010726000410015530000200019600001673120200929164943.0100310s1940 dr 000 0 spa d aDO-SdBNPbspacBNPHU axxxbE79500aEstatutos del Club Deportivo Antillas, Inc. aCiudad TrujillofLa Opiniónc1940. a28 p. ;c21 cm.